Largest cities of the Frankish Empire - Statistics

General Stats
  • This quiz has been taken 63 times
  • The average score is 4 of 15
Answer Stats
Population Answer % Correct
25'000 Paris
98%
50'000 Rome
65%
12'000 Lyon
58%
15'000 Cologne
44%
15'000 Trier
27%
25'000 Metz
22%
20'000 Mainz
20%
10'000 Rouen
18%
20'000 Tours
18%
10'000 Rennes
15%
10'000 Worms
15%
25'000 Regensburg
13%
10'000 Poitiers
9%
20'000 Speyer
5%
10'000 Provins
2%
No matching quizzes found
Score Distribution
Percent of People with Each Score
Percentile by Number Answered
Your Score History
You have not taken this quiz